Bible doctrines : (Record no. 17867)

000 -LEADER
fixed length control field 01369cam a2200325 a 4500
001 - CONTROL NUMBER
control field 2033812
003 - CONTROL NUMBER IDENTIFIER
control field OkBaRHE
005 - DATE AND TIME OF LATEST TRANSACTION
control field 20110909143858.0
008 - FIXED-LENGTH DATA ELEMENTS--GENERAL INFORMATION
fixed length control field 921117s1993 mou b 001 0 eng
010 ## - LIBRARY OF CONGRESS CONTROL NUMBER
LC control number 92043219
020 ## - INTERNATIONAL STANDARD BOOK NUMBER
International Standard Book Number 0882433180 :
Terms of availability $19.95
040 ## - CATALOGING SOURCE
Original cataloging agency DLC
Transcribing agency DLC
Modifying agency DLC
050 00 - LIBRARY OF CONGRESS CALL NUMBER
Classification number BX 8765.5 .Z5
Item number M46 1993
082 00 - DEWEY DECIMAL CLASSIFICATION NUMBER
Classification number 230/.994
Edition number 20
100 1# - MAIN ENTRY--PERSONAL NAME
Personal name Menzies, William W.
9 (RLIN) 1293
245 10 - TITLE STATEMENT
Title Bible doctrines :
Remainder of title a Pentecostal perspective /
Statement of responsibility, etc William W. Menzies.
260 ## - PUBLICATION, DISTRIBUTION, ETC. (IMPRINT)
Place of publication, distribution, etc Springfield, Mo. :
Name of publisher, distributor, etc Logion Press,
Date of publication, distribution, etc c1993.
300 ## - PHYSICAL DESCRIPTION
Extent 304 p. ;
Dimensions 32 cm.
500 ## - GENERAL NOTE
General note Originally published as Understanding our doctrine.Rev. and expanded by Stanley M. Horton.
504 ## - BIBLIOGRAPHY, ETC. NOTE
Bibliography, etc Includes bibliographical references (p. 281-285) and indexes.
610 20 - SUBJECT ADDED ENTRY--CORPORATE NAME
Corporate name or jurisdiction name as entry element Assemblies of God
General subdivision Doctrines.
9 (RLIN) 1294
630 00 - SUBJECT ADDED ENTRY--UNIFORM TITLE
Uniform title Bible
General subdivision Criticism, interpretation, etc.
9 (RLIN) 1295
650 #0 - SUBJECT ADDED ENTRY--TOPICAL TERM
Topical term or geographic name as entry element Pentecostal churches
General subdivision Doctrines.
9 (RLIN) 1296
700 1# - ADDED ENTRY--PERSONAL NAME
Personal name Menzies, William W.
Title of a work Understanding our doctrine.
9 (RLIN) 1297
700 1# - ADDED ENTRY--PERSONAL NAME
Personal name Horton, Stanley M.
9 (RLIN) 1190
906 ## - LOCAL DATA ELEMENT F, LDF (RLIN)
a 7
b cbc
c orignew
d 1
e ocip
f 19
g y-gencatlg
942 ## - ADDED ENTRY ELEMENTS (KOHA)
Source of classification or shelving scheme
Koha item type Books
Copies
Damaged status Shelving location Current Location Source of classification or shelving scheme Date acquired Copy number Koha item type Permanent Location Withdrawn status Barcode Lost status Price effective from Full call number Not for loan Date last seen
 General StacksRHEMA Bible Training College 2011-09-091BooksRHEMA Bible Training College 22062 2011-09-09BX 8765.5 .Z5 M46 1993 2011-09-09